LEADER 01597cam a2200289 4500 001 991003183999707536 005 20250430130139.0 008 940711s1808 it f b 000 0 ita d 035 $ab14294217-39ule_inst 035 $aCICOGNARA-A2012-0063$9ExL 040 $aBibl. Interfacoltà T. Pellegrino$bita 100 1 $aBenvenuti, Nicola.$0245091 245 10$aCorso elementare di disegno diviso in quaranta tavole tratte dalle più eccellenti opere greche e da alcune pitture di Raffaello$cdisegnate da Nicola Benvenuti, incise e pubblicate da Giuseppe Calendi, diretto da Pietro Benvenuti e Raffaello Morghen. 260 $aFirenze$b[Giuseppe Calendi]$c1808. 300 $a[1] p. :$b40 tav.; $c62 cm. 500 $aRiproduzione in microfiche dell'originale conservato presso la Biblioteca Apostolica Vaticana 700 1 $aMorghen, Raffaello$d<1761-1833> 700 1 $aBenvenuti, Pietro$d1769-1844> 700 1 $aCalendi, Giuseppe$d 787 18$iLeopoldo Cicognara Program :$tBiblioteca Cicognara$h[microform] : literary sources in the history of art and kindred subjects 787 18$tCatalogo ragionato dei libri d'arte e d'antichità / Leopoldo Cicognara 907 $a.b14294217$b01-04-22$c28-07-16 912 $a991003183999707536 945 $aLE002 SB Raccolta Cicognara, mcrf 294$g0$lle002$pE0.00$rn$so $t11$u0$v0$w0$x0$y.i15765684$z28-07-16 996 $aCorso elementare di disegno diviso in quaranta tavole tratte dalle più eccellenti opere greche e da alcune pitture di Raffaello$91391274 997 $aUNISALENTO 998 $ale002$b28-07-16$cm$dg $e-$fita$git $h0$i1